|
|
|
|
| LEADER |
01680nam a2200409 a 4500 |
| 001 |
mzk03001181121 |
| 003 |
CZ BrMZK |
| 005 |
20120620065410.0 |
| 007 |
ta |
| 008 |
120612s1755 au a f |||| 0 lat|d |
| 040 |
|
|
|a BOA001
|b cze
|
| 041 |
1 |
|
|a lat
|h ita
|
| 072 |
|
7 |
|a 094
|x Staré tisky
|2 Konspekt
|9 12
|
| 072 |
|
7 |
|a 27-5
|x Liturgie. Křesťanské umění a symbolika. Duchovní život
|2 Konspekt
|9 5
|
| 080 |
|
|
|a (0.068)094
|2 MRF
|
| 080 |
|
|
|a 27-583
|2 czenas
|
| 080 |
|
|
|a 025.171
|2 MRF
|
| 100 |
1 |
|
|a Scotti, Giovanni,
|d 1681-1755
|7 mzk2009532930
|4 aut
|
| 245 |
1 |
0 |
|a Dies Sacra per loca Divinae Scripturae progrediens /
|c authore Joanne Scotti Societatis Jesu sacerdote: denuo in lucem edita, et in spiritualibus exercitiis italisis distributa
|
| 260 |
|
|
|a Viennae Austriae :
|b Typis Gregorii Kurtzböck, Universitatis Typographi,
|c 1755
|
| 300 |
|
|
|a 226, [7] s., [1] příl. ;
|c 8°
|
| 500 |
|
|
|a Výzdoba: Mědirytinový frontispis (Ioan: Ferstler St. Viennae), vlysy, iniciály
|
| 500 |
|
|
|a Titulní list tištěn majuskulou
|
| 563 |
|
|
|a Usňová vazba se zlaceným hřbetem, červená ořízka
|
| 650 |
|
7 |
|a křesťanská teologie
|7 ph115064
|2 czenas
|
| 655 |
|
7 |
|a staré tisky
|7 fd422076
|2 czenas
|
| 650 |
|
7 |
|a historické knihovní fondy
|7 ph172933
|2 czenas
|
| 856 |
4 |
1 |
|u https://imageserver.mzk.cz/mzk03/001/181/121/328100204031.titul
|y Digitalizovaný dokument
|
| 903 |
|
|
|a RP
|
| 910 |
|
|
|e BOE950
|c R - Z. I. d. 18
|
| 978 |
|
|
|b Kurzböck, Gregor
|a Wien
|c 1755
|
| 984 |
|
|
|a Vídeň
|b Rakousko
|
| 985 |
|
|
|a 1751-1800
|
| 990 |
|
|
|a BK
|
| 996 |
|
|
|e BOE950
|c R - Z. I. d. 18
|
| 980 |
|
|
|c 204031
|g R - Z. I. d. 18
|1 328100204031
|p N. 3280, E. II. h. 17
|
| 991 |
|
|
|k rajhrad
|